Statistiques concernant Culture Générale - Série 1996

Cliquez ici pour prendre le quiz!

Statistiques générales

  • Ce quiz a été pris 75 fois
  • Le résultat moyen est 5 sur 10

Statistiques - réponses

QuestionRéponse% Correct
De quel pays Port-au-Prince est-il la capitale ?Haïti
90%
Sous quel nom connait-on mieux le chanteur français Serge Chauvier ?Serge Lama
81%
Dans quel pays d'Europe se trouve la ville portuaire d'Odessa ?Ukraine
78%
Dans un aéroport, comment appelle-t-on la partie où les avions circulent ou stationnent ?tarmac
74%
Quelle était la nationalité du comédien Michel Simon (1895-1975) ?suisse
69%
De quel pays l'uraète (grand aigle) est-il originaire ?Australie
29%
"Un seul être vous manque et tout est dépeuplé" est une citation de : ....Lamartine
29%
Quel verbe signifie "Additionner de rhum, parfumer au rhum" ?rhumer
24%
De quel pays le tanrec ou tenrec (voisin du hérisson) est-il originaire ?Madagascar
7%
C'est un légume-racine voisin de la campanule dont les racines, de même nom, sont blanches, tendres et se mangent en salade de même que les feuilles, et le titre d'un film dessin animé - voir photoraiponce
3%

Distribution des résultats

Percentile par nombre de réponses

% des personnes avec chaque résultat

Votre développement - résultats

Vous n’avez pas pris ce quiz